000 00503nam a2200145Ia 4500
008 100122s9999 xx 000 0 und d
082 _b57699
_a910.4
100 _aहसबनीस दादा
245 _aयोगप्रवण विदेश
260 _bभारत जागृती विद्यापीठ प्रकाशन
_c1995
300 _a192
630 _aयोगप्रवण विदेश
730 _aयोगप्रवण विदेश
942 _cBOOK
999 _c433860
_d433857